| 000 | 00446nam a22001697a 4500 | ||
|---|---|---|---|
| 003 | OSt | ||
| 005 | 20260216110211.0 | ||
| 008 | 190306b1977 ||||| |||| 00| 0 eng | ||
| 040 | _cn | ||
| 082 | _a364.36 BHA | ||
| 100 | _aBhattacharya, B. K. | ||
| 245 |
_aViolence, delinquency and rehabilitation / _cB. K. Bhattacharya |
||
| 260 |
_aMumbai : _bN M Tripathi, _c1977. |
||
| 300 |
_aviii, 125 p. ; _c23 cm. |
||
| 650 | _aCrime | ||
| 942 |
_2ddc _cBK |
||
| 999 |
_c112786 _d112786 |
||